000 00287nam a22001337a 4500
008 250505b |||||||| |||| 00| 0 eng d
020 _a0192875442
050 _aPG3385
_b.G54
100 _aGifford, HENRY
245 _aTOLSTOY
260 _aToronto
_c1982
300 _a88p.
942 _cBK
999 _c3279
_d3279